Teória a politika rizika vo financiách a v bankovníctve

Gespeichert in:
Bibliographische Detailangaben
1. Verfasser: Sivák, Rudolf, 1955-
Körperschaft: Ekonomická univerzita v Bratislave
Weitere Verfasser: Gertler, Ľubomíra, 1977-, Kováč, Urban, Ochotnický, Pavol, Hofreiter, Miloš, 1982-
Format: Buch
Sprache:Slowakisch
Veröffentlicht: Bratislava Sprint 2 2015
Ausgabe:1. vyd.
Schriftenreihe:Economics
Schlagworte:
Tags: Tag hinzufügen
Keine Tags, Fügen Sie das erste Tag hinzu!

MARC

LEADER 00000nam a2200000 4500
001 0214805
005 20240523105223.3
020 |a 978-80-89710-19-5 
041 0 |a slo 
044 |a SK 
245 1 0 |a Teória a politika rizika vo financiách a v bankovníctve  |c Rudolf Sivák, Ľubomíra Gertler, Urban Kováč ; recenzovali: Pavol Ochotnický, Miloš Hofreiter 
250 |a 1. vyd. 
264 1 |a Bratislava  |b Sprint 2  |c 2015 
300 |a 443 s. [18,4 AH] 
490 1 |a Economics 
830 0 |a Economics 
610 2 0 |a riziko finančné 
610 2 0 |a riziko bankové 
610 2 0 |a riadenie rizík 
610 2 0 |a teória úžitku 
610 2 0 |a úžitok 
610 2 0 |a teória portfólia 
610 2 0 |a trh kapitálový 
610 2 0 |a portfólio 
610 2 0 |a oceňovanie 
610 2 0 |a aktíva 
610 2 0 |a riziko trhové 
610 2 0 |a riziko operačné 
610 2 0 |a meranie 
100 1 |a Sivák, Rudolf, 1955- 
700 1 |a Gertler, Ľubomíra, 1977- 
700 1 |a Kováč, Urban 
700 1 |a Ochotnický, Pavol 
700 1 |a Hofreiter, Miloš, 1982- 
710 2 |a Ekonomická univerzita v Bratislave